Pre-clinical conservative dentistry / (Record no. 23517)
[ view plain ]
| 000 -LEADER | |
|---|---|
| fixed length control field | 00735nam a22002415a 4500 |
| 005 - DATE AND TIME OF LATEST TRANSACTION | |
| control field | 20161208112648.0 |
| 008 - FIXED-LENGTH DATA ELEMENTS--GENERAL INFORMATION | |
| fixed length control field | 161208s2015 ii a frd 001 0 eng d |
| 020 ## - INTERNATIONAL STANDARD BOOK NUMBER | |
| International Standard Book Number | 9788123924960 |
| 040 ## - CATALOGING SOURCE | |
| Original cataloging agency | EG-ScBUE |
| Language of cataloging | eng |
| Transcribing agency | EG-ScBUE |
| Modifying agency | EG-ScBUE |
| 082 04 - DEWEY DECIMAL CLASSIFICATION NUMBER | |
| Edition number | 22 |
| Classification number | 617.6 |
| Item number | SIK |
| 100 1# - MAIN ENTRY--PERSONAL NAME | |
| Personal name | Sikri, Vimal K. |
| 9 (RLIN) | 40126 |
| 245 10 - TITLE STATEMENT | |
| Title | Pre-clinical conservative dentistry / |
| Statement of responsibility, etc | Vimal K. Sikri. |
| 250 ## - EDITION STATEMENT | |
| Edition statement | 2nd ed. |
| 260 ## - PUBLICATION, DISTRIBUTION, ETC. (IMPRINT) | |
| Place of publication, distribution, etc | New Delhi : |
| Name of publisher, distributor, etc | Cbs Publishers & Distribu, |
| Date of publication, distribution, etc | 2015. |
| 300 ## - PHYSICAL DESCRIPTION | |
| Extent | ix, 164 p. : |
| Other physical details | ill. ; |
| Dimensions | 24 cm. |
| 500 ## - GENERAL NOTE | |
| General note | Glossary : p. 151-160 |
| 500 ## - GENERAL NOTE | |
| General note | Index : p. 161-164. |
| 650 #7 - SUBJECT ADDED ENTRY--TOPICAL TERM | |
| Source of heading or term | BUEsh |
| 9 (RLIN) | 39515 |
| Topical term or geographic name as entry element | Dentistry. |
| 650 #7 - SUBJECT ADDED ENTRY--TOPICAL TERM | |
| 9 (RLIN) | 30617 |
| Topical term or geographic name as entry element | Dentistry, Operative. |
| Source of heading or term | BUEsh |
| 651 ## - SUBJECT ADDED ENTRY--GEOGRAPHIC NAME | |
| Source of heading or term | BUEsh |
| 653 ## - INDEX TERM--UNCONTROLLED | |
| Resource For college | |
| Arrived date list | December2016 |
| 942 ## - ADDED ENTRY ELEMENTS (KOHA) | |
| Source of classification or shelving scheme | Dewey Decimal Classification |
| Withdrawn status | Item status | Source of classification or shelving scheme | Damaged status | Not for loan | Vendor | Home library | Current library | Shelving location | Date acquired | Source of acquisition | Cost, normal purchase price | Total Checkouts | Total Renewals | Full call number | Barcode | Date last seen | Date last borrowed | Cost, replacement price | Koha item type |
|---|---|---|---|---|---|---|---|---|---|---|---|---|---|---|---|---|---|---|---|
| Dewey Decimal Classification | Alahram | Central Library | Central Library | First floor | 08/12/2016 | Purchase | 140.00 | 4 | 44 | 617.6 SIK | 000040307 | 15/07/2025 | 06/06/2021 | 175.00 | Book - Borrowing |